Resúmenes de las comunicaciones presentadas a la IV, V, y VI reuniones anuales del Grupo especializado de fitopatología microbiana de la Sociedad Española de Microbiología : (Record no. 126740)

MARC details
000 -LEADER
campo de control de longitud fija 01020nam a2200241 4500
001 - NÚMERO DE CONTROL
campo de control 126740
003 - IDENTIFICADOR DE NÚMERO DE CONTROL
campo de control ES-MaACL
005 - FECHA Y HORA DE LA ÚLTIMA TRANSACCIÓN
campo de control 20250814002636.0
007 - CAMPO FIJO DE DESCRIPCIÓN FÍSICA--INFORMACIÓN GENERAL
campo de control de longitud fija t|
008 - DATOS DE LONGITUD FIJA--INFORMACIÓN GENERAL
campo de control de longitud fija 070214s1983 sp r ||||1| spa d
020 ## - NÚMERO INTERNACIONAL ESTÁNDAR DEL LIBRO
Número Internacional Estándar del Libro 84-7498-168-9
110 2# - ENTRADA PRINCIPAL--NOMBRE DE ENTIDAD CORPORATIVA
Nombre de entidad corporativa o nombre de jurisdicción como elemento de entrada Sociedad Española de Microbiología
9 (RLIN) 172218
245 10 - MENCIÓN DEL TÍTULO
Título Resúmenes de las comunicaciones presentadas a la IV, V, y VI reuniones anuales del Grupo especializado de fitopatología microbiana de la Sociedad Española de Microbiología :
Resto del título Córdoba, 1979, Zaragoza, 1980, Madrid, 1981.
260 ## - PUBLICACIÓN, DISTRIBUCIÓN, ETC.
Lugar de publicación, distribución, etc. Madrid :
Nombre del editor, distribuidor, etc. Instituto Nacional de Investigaciones Agrarias,
Fecha de publicación, distribución, etc. 1983.
300 ## - DESCRIPCIÓN FÍSICA
Extensión VIII, 148 p. ;
Dimensiones 24 cm.
490 1# - MENCIÓN DE SERIE
Mención de serie Monografías I.N.I.A. ;
Designación de volumen o secuencia 48
594 ## - Nota al título y mención de responsabilidad
Nota al título y mención de responsabilidad En cub.: Jornadas sobre Patología Vegetal.
650 00 - PUNTO DE ACCESO ADICIONAL DE MATERIA--TÉRMINO DE MATERIA
Término de materia o nombre geográfico como elemento de entrada Patología vegetal-
Subdivisión de forma Congresos y asambleas.
9 (RLIN) 172219
710 2# - ENTRADA AGREGADA--NOMBRE DE ENTIDAD CORPORATIVA
Nombre de entidad corporativa o nombre de jurisdicción como elemento de entrada Instituto Nacional de Investigaciones Agrarias (España)
9 (RLIN) 5168
830 1# - PUNTO DE ACCESO ADICIONAL DE SERIE-TÍTULO UNIFORME
Título uniforme Monografías I.N.I.A. ;
Designación de volumen o secuencia 48
9 (RLIN) 177538
852 ## - LOCALIZACIÓN
Ubicación ES-MaACL
Número de control de estantería L-6948
Holdings
Estatus retirado Estado de pérdida Estado de daño No para préstamo Biblioteca de origen Biblioteca actual Ubicación en estantería Fecha de adquisición Fuente de adquisición Total de préstamos Signatura topográfica completa Código de barras Visto por última vez Precio de reemplazo Tipo de ítem Koha
        Biblioteca del Ateneo de Madrid Biblioteca del Ateneo de Madrid Depósito 2 17/01/2008     L-6948 1132012 23/02/2023 23/02/2023 Libro impreso